[Event "WTCC-50 2018"]
[Site "Radebeul"]
[Date "2018.07.08"]
[Round "2"]
[White "Rudolf, Matthias"]
[Black "Chan, Peng Kong"]
[Result "0-1"]
[WhiteElo "2102"]
[BlackElo "2158"]
[Annotator "NA"]
[PlyCount "62"]
[EventDate "2018.07.07"]
[EventType "team-tourn"]
[EventCountry "GER"]
[SourceTitle "playchess.com"]
[Source "ChessBase"]
[SourceQuality "1"]
[TimeControl "40/5400+30:1800+30"]

1. e4 {[%emt 0:00:00]} c5 {[%emt 0:00:06]} 2. Nf3 {[%emt 0:00:00]} e6 {[%emt 0:00:07]} 3. b3 {[%emt 0:00:00]} b6 {[%emt 0:00:36]} 4. Bb2 {[%emt 0:02:49]} Bb7 {[%emt 0:00:11]} 5. Qe2 {[%emt 0:00:11]} Nc6 {[%emt 0:01:33] LiveBook: 46 Partien} 6. d4 {[%emt 0:01:51]} cxd4 {[%emt 0:01:56]} 7. Nxd4 {[%emt 0:00:14]} Bb4+ {[%emt 0:01:17]} 8. Nd2 {[%emt 0:04:10]} Nf6 {[%emt 0:02:11]} 9. Nxc6 {[%emt 0:11:38]} Bxc6 {[%emt 0:01:35]} 10. c3 {[%emt 0:02:56]} Be7 {[%emt 0:03:36]} 11. e5 {[%emt 0:03:55]} Nd5 {[%emt 0:01:08]} 12. Qg4 {[%emt 0:02:52]} O-O {[%emt 0:00:33]} 13. Bd3 $17 {[%emt 0:05:12]} f5 {[%emt 0:00:55]} 14. exf6 {[%emt 0:04:41]} Nxf6 {[%emt 0:01:57]} 15. Qh3 {[%emt 0:01:00]} g6 {[%emt 0:05:40]} 16. O-O-O {[%emt 0:11:39]} Nh5 {[%emt 0:06:35]} 17. Be4 {[%emt 0:07:31]} Nf4 {[%emt 0:10:14]} 18. Qg4 {[%emt 0:06:12]} Rc8 {[%emt 0:21:46]} 19. Bxc6 {[%emt 0:08:12]} Nd3+ {[%emt 0:01:21]} 20. Kb1 {[%emt 0:04:49]} Nxf2 {[%emt 0:01:05]} 21. Qd4 {[%emt 0:02:55]} Rxc6 {[%emt 0:05:23]} 22. Ne4 {[%emt 0:05:45]} Nxe4 {[%emt 0:11:27]} 23. Qxe4 {[%emt 0:00:16]} d5 {[%emt 0:00:25]} 24. Qe2 {[%emt 0:03:48]} Bf6 {[%emt 0:04:44]} 25. Qg4 {[%emt 0:03:49]} Qd6 {[%emt 0:02:37]} 26. Rhf1 {[%emt 0:04:08]} Bg7 {[%emt 0:03:01]} 27. h4 {[%emt 0:00:38]} Rxf1 {[%emt 0:03:33]} 28. Rxf1 {[%emt 0:00:02]} Qe5 {[%emt 0:00:20]} 29. Qa4 {[%emt 0:01:31]} Qe2 {[%emt 0:02:26]} 30. Qf4 {[%emt 0:01:06]} Rc8 {[%emt 0:00:58]} 31. Ba3 {[%emt 0:00:34]} Qd3+ {[%emt 0:00:18]} 0-1

[Event "WTCC-50 2018"]
[Site "Radebeul"]
[Date "2018.07.08"]
[Round "2"]
[White "Thoma, Wilhelm"]
[Black "Druckenthaner, Andreas"]
[Result "0-1"]
[WhiteElo "2079"]
[BlackElo "2296"]
[Annotator "NA"]
[PlyCount "80"]
[EventDate "2018.07.07"]
[EventType "team-tourn"]
[EventCountry "GER"]
[SourceTitle "playchess.com"]
[Source "ChessBase"]
[SourceQuality "1"]
[TimeControl "40/5400+30:1800+30"]

1. Nf3 {[%emt 0:00:00]} Nc6 {[%emt 0:00:00]} 2. d4 {[%emt 0:00:09]} d6 {[%emt 0:00:00]} 3. c4 {[%emt 0:00:51]} Nf6 {[%emt 0:00:25]} 4. Nc3 {[%emt 0:00:23]} g6 {[%emt 0:00:17]} 5. e4 {[%emt 0:00:28]} Bg7 {[%emt 0:00:09]} 6. Be2 {[%emt 0:00:52]} O-O {[%emt 0:00:14]} 7. O-O {[%emt 0:03:31]} Bg4 {[%emt 0:00:20] [#]} 8. Be3 {[%emt 0:01:20] LiveBook: 74 Games} (8. d5 $1 $16 {[%cal Rd5c6]} Bxf3 9. Bxf3 (9. gxf3 Nb8 $14)) 8... Nd7 {[%emt 0:03:41]} 9. Qd2 {[%emt 0:07:26]} a6 {[%emt 0:11:03]} 10. Rfd1 {[%emt 0:05:02]} Re8 {[%emt 0:05:05]} 11. Rab1 {[%emt 0:08:48]} e5 {[%emt 0:05:25]} 12. d5 {[%emt 0:02:13]} Ne7 {[%emt 0:01:13]} 13. Ne1 {[%emt 0:01:52]} Bxe2 {[%emt 0:00:44]} 14. Qxe2 {[%emt 0:00:23]} f5 {[%emt 0:08:20]} 15. f3 {[%emt 0:00:34]} Nf6 $16 {[%emt 0:01:04]} 16. Nd3 {[%emt 0:00:37]} Qd7 {[%emt 0:04:18]} 17. c5 {[%emt 0:06:15]} f4 {[%emt 0:04:57]} 18. Bf2 {[%emt 0:00:37]} g5 {[%emt 0:00:10]} 19. b4 {[%emt 0:06:40]} g4 {[%emt 0:04:19]} 20. Nb2 {[%emt 0:01:05]} Ng6 {[%emt 0:04:08]} 21. Be1 {[%emt 0:03:33]} Bf8 {[%emt 0:04:39]} 22. Nca4 {[%emt 0:03:54]} a5 {[%emt 0:16:16]} 23. cxd6 {[%emt 0:05:28]} axb4 {[%emt 0:01:26]} 24. dxc7 {[%emt 0:05:50]} gxf3 {[%emt 0:05:02]} 25. gxf3 {[%emt 0:00:24]} Qxc7 {[%emt 0:01:03]} 26. Rdc1 {[%emt 0:01:46]} Qg7 {[%emt 0:01:35]} 27. Kh1 {[%emt 0:03:21]} Kh8 {[%emt 0:02:20]} 28. Rc2 {[%emt 0:05:02]} Ra6 {[%emt 0:01:39]} 29. Rbc1 {[%emt 0:09:52]} Nh5 {[%emt 0:04:09]} 30. Rc7 {[%emt 0:07:37]} Re7 {[%emt 0:02:00]} 31. Rxe7 {[%emt 0:01:12]} Qxe7 {[%emt 0:00:17]} 32. Qc4 {[%emt 0:03:39]} Ra8 {[%emt 0:02:14]} 33. Nb6 {[%emt 0:01:18]} Ra6 {[%emt 0:00:55]} 34. Nc8 {[%emt 0:01:43]} Qd7 {[%emt 0:01:19]} 35. Kg2 {[%emt 0:01:26]} Qg7 {[%emt 0:01:22]} 36. Kf1 {[%emt 0:00:25]} Qd7 {[%emt 0:00:15]} 37. Rc2 {[%emt 0:00:57]} Qh3+ {[%emt 0:00:58]} 38. Ke2 {[%emt 0:01:08]} Qxh2+ {[%emt 0:00:58]} 39. Kd1 {[%emt 0:00:03]} Qh3 {[%emt 0:00:21]} 40. Qb3 {[%emt 0:00:22]} Ra3 {[%emt 0:00:51]} 0-1

[Event "WTCC-50 2018"]
[Site "Radebeul"]
[Date "2018.07.08"]
[Round "2"]
[White "Glasewald, Stefan"]
[Black "Boehm, Martin"]
[Result "0-1"]
[WhiteElo "2068"]
[BlackElo "2172"]
[Annotator "NA"]
[PlyCount "59"]
[EventDate "2018.07.07"]
[EventType "team-tourn"]
[EventCountry "GER"]
[SourceTitle "playchess.com"]
[Source "ChessBase"]
[SourceQuality "1"]
[TimeControl "40/5400+30:1800+30"]

1. d4 {[%emt 0:00:00]} Nf6 {[%emt 0:00:14]} 2. Nc3 {[%emt 0:00:16]} g6 {[%emt 0:06:47]} 3. e4 {[%emt 0:00:33]} d6 {[%emt 0:00:07]} 4. Be2 {[%emt 0:00:34]} Bg7 {[%emt 0:00:11]} 5. Be3 {[%emt 0:00:18]} c6 {[%emt 0:01:32]} 6. f3 {[%emt 0:06:33]} O-O {[%emt 0:06:46]} 7. Qd2 {[%emt 0:02:01]} e5 {[%emt 0:02:00]} 8. dxe5 {[%emt 0:06:49]} dxe5 {[%emt 0:00:31]} 9. Qxd8 {[%emt 0:02:17]} Rxd8 {[%emt 0:00:05]} 10. g4 {[%emt 0:03:32]} Be6 {[%emt 0:07:44]} 11. Nh3 {[%emt 0:02:56]} h6 {[%emt 0:01:56]} 12. Nf2 {[%emt 0:01:00]} Nbd7 {[%emt 0:09:07]} 13. O-O {[%emt 0:05:51]} Bf8 {[%emt 0:06:24]} 14. a3 {[%emt 0:03:15]} h5 {[%emt 0:00:13]} 15. h3 {[%emt 0:01:46]} hxg4 $11 {[%emt 0:03:41]} 16. hxg4 {[%emt 0:00:31]} b5 {[%emt 0:02:15]} 17. Nd3 {[%emt 0:07:47]} a5 {[%emt 0:03:24]} 18. b3 {[%emt 0:09:16]} Rdc8 {[%emt 0:03:08]} 19. Kg2 {[%emt 0:02:30]} Rab8 {[%emt 0:02:25]} 20. Kg3 {[%emt 0:05:49]} c5 {[%emt 0:02:28]} 21. f4 {[%emt 0:01:25]} c4 {[%emt 0:00:41]} 22. Nxe5 {[%emt 0:01:16]} Nxe5 {[%emt 0:01:16]} 23. fxe5 {[%emt 0:00:38]} cxb3 {[%emt 0:00:28]} 24. exf6 {[%emt 0:07:54]} Rxc3 {[%emt 0:00:18]} 25. Rf3 {[%emt 0:01:15]} b2 {[%emt 0:09:44]} 26. Rb1 {[%emt 0:03:30]} Bxa3 {[%emt 0:00:15]} 27. Bd4 {[%emt 0:00:19]} Rxf3+ {[%emt 0:02:55]} 28. Kxf3 {[%emt 0:00:19]} Ba2 {[%emt 0:00:11]} 29. Rxb2 {[%emt 0:00:09]} Bxb2 {[%emt 0:00:05]} 30. Bxb2 {[%emt 0:00:08]} 0-1

[Event "WTCC-50 2018"]
[Site "Radebeul"]
[Date "2018.07.08"]
[Round "2"]
[White "Heyme, Sibylle"]
[Black "Wolf, Volker"]
[Result "0-1"]
[WhiteElo "2037"]
[BlackElo "2323"]
[Annotator "NA"]
[PlyCount "74"]
[EventDate "2018.07.07"]
[EventType "team-tourn"]
[EventCountry "GER"]
[SourceTitle "playchess.com"]
[Source "ChessBase"]
[SourceQuality "1"]
[TimeControl "40/5400+30:1800+30"]

1. c4 {[%emt 0:00:00]} g6 {[%emt 0:00:08]} 2. Nc3 {[%emt 0:00:03]} Bg7 {[%emt 0:00:03]} 3. g3 {[%emt 0:00:18]} c5 {[%emt 0:00:47]} 4. Bg2 {[%emt 0:00:34]} Nc6 {[%emt 0:00:10] LiveBook: 6815 Partien} 5. Nf3 {[%emt 0:04:27]} d6 {[%emt 0:00:26]} 6. O-O {[%emt 0:00:21]} Bf5 {[%emt 0:00:28]} 7. d3 {[%emt 0:06:42] A37: Symmetrical English vs ...g6: 4 Bg2 Bg7 5 Nf3} (7. h3 Qd7 8. Kh2 Nf6 9. d3 h6 10. e4 Be6 11. Be3 g5 12. Ng1 g4 13. h4 O-O 14. Nge2 Qd8 {0-1 (55) Caruana,F (2822)-So,W (2778) Stavanger 2018}) 7... Qd7 {[%emt 0:00:09]} 8. a3 {[%emt 0:06:31]} Bh3 {[%emt 0:00:49]} 9. Nd5 {[%emt 0:00:23]} Bxg2 {[%emt 0:00:38]} 10. Kxg2 {[%emt 0:00:03]} e6 {[%emt 0:01:32]} 11. Nc3 $146 {[%emt 0:03:25]} ({Predecessor:} 11. Nf4 Nge7 12. Rb1 a5 13. e4 O-O 14. h4 a4 {½-½ (61) Foisor,C (2386)-Malakhov,V (2605) Porto San Giorgio 2000}) 11... Nge7 {[%emt 0:01:57]} 12. Bd2 {[%emt 0:04:18]} O-O {[%emt 0:00:41]} 13. Rb1 {[%emt 0:01:42]} Rac8 {[%emt 0:15:20]} 14. b4 {[%emt 0:19:13]} b6 {[%emt 0:03:40]} 15. Qb3 {[%emt 0:07:32]} Nd4 {[%emt 0:05:53]} 16. Nxd4 {[%emt 0:00:20]} cxd4 {[%emt 0:00:10]} 17. Na4 {[%emt 0:03:41]} h6 {[%emt 0:06:44]} 18. Rfc1 {[%emt 0:02:13]} Kh7 {[%emt 0:04:02]} 19. c5 {[%emt 0:04:32]} b5 {[%emt 0:00:49]} 20. Nb2 {[%emt 0:00:07]} Nd5 {[%emt 0:05:07]} 21. Nd1 {[%emt 0:02:48]} a6 {[%emt 0:08:15]} 22. e3 {[%emt 0:07:48]} dxe3 {[%emt 0:04:04]} 23. Nxe3 {[%emt 0:00:31]} dxc5 {[%emt 0:02:12]} 24. Rxc5 {[%emt 0:03:10]} Ne7 {[%emt 0:05:16]} 25. Rd1 {[%emt 0:12:01]} Rfd8 {[%emt 0:03:20]} 26. Bc3 {[%emt 0:02:50]} Rxc5 {[%emt 0:01:58]} 27. bxc5 {[%emt 0:00:02]} Qc6+ {[%emt 0:00:14]} 28. Kg1 {[%emt 0:00:10]} Qxc5 {[%emt 0:00:08]} 29. Bxg7 {[%emt 0:00:33]} Kxg7 {[%emt 0:00:08]} 30. d4 {[%emt 0:00:41]} Rxd4 {[%emt 0:01:53]} 31. Qb2 {[%emt 0:00:06]} e5 {[%emt 0:00:07]} 32. Rc1 {[%emt 0:00:07]} Qd6 {[%emt 0:00:38]} 33. Qe2 {[%emt 0:01:05]} h5 {[%emt 0:00:37]} 34. Qb2 {[%emt 0:03:35]} Nd5 {[%emt 0:02:02]} 35. Nc2 {[%emt 0:01:04]} Rd2 $19 {[%emt 0:01:10]} 36. Re1 {[%emt 0:00:07]} Qf6 {[%emt 0:01:00]} 37. Qxe5 {[%emt 0:01:58]} Rxc2 {[%emt 0:00:11]} 0-1

[Event "WTCC-50 2018"]
[Site "Radebeul"]
[Date "2018.07.08"]
[Round "2"]
[White "Habel, Christof"]
[Black "Siegmund, Rainer"]
[Result "1-0"]
[WhiteElo "2026"]
[BlackElo "2114"]
[Annotator "NA"]
[PlyCount "105"]
[EventDate "2018.07.07"]
[EventType "team-tourn"]
[EventCountry "GER"]
[SourceTitle "playchess.com"]
[Source "ChessBase"]
[SourceQuality "1"]
[TimeControl "40/5400+30:1800+30"]

1. d4 {[%emt 0:00:00]} Nf6 {[%emt 0:00:00]} 2. g3 {[%emt 0:00:00]} d5 {[%emt 0:00:09]} 3. Bg2 {[%emt 0:00:49]} e6 {[%emt 0:00:53]} 4. c4 {[%emt 0:01:39]} Be7 {[%emt 0:00:50]} 5. Nc3 {[%emt 0:00:24]} O-O {[%emt 0:01:00]} 6. Nf3 {[%emt 0:02:11]} b6 {[%emt 0:03:47]} 7. Ne5 {[%emt 0:02:28]} Bb7 {[%emt 0:00:39]} 8. O-O {[%emt 0:00:49]} Nbd7 {[%emt 0:13:22]} 9. h3 {[%emt 0:09:21]} c6 {[%emt 0:03:18]} 10. e4 {[%emt 0:06:33]} Nxe5 {[%emt 0:15:15]} 11. dxe5 {[%emt 0:00:52]} Nxe4 {[%emt 0:00:35]} 12. Nxe4 {[%emt 0:06:09]} dxe4 {[%emt 0:00:09]} 13. Qg4 {[%emt 0:00:15]} Qc7 {[%emt 0:03:45]} 14. Qxe4 {[%emt 0:02:21]} Rad8 {[%emt 0:07:00]} 15. Be3 {[%emt 0:05:49]} Rd7 {[%emt 0:09:26]} 16. Rad1 {[%emt 0:01:47]} Rfd8 {[%emt 0:01:30]} 17. Rxd7 {[%emt 0:05:03]} Rxd7 {[%emt 0:01:00]} 18. f4 {[%emt 0:01:11]} c5 {[%emt 0:06:01]} 19. Qxb7 {[%emt 0:06:13]} Qxb7 {[%emt 0:00:04]} 20. Bxb7 {[%emt 0:00:07]} Rxb7 {[%emt 0:00:16]} 21. Rd1 {[%emt 0:00:04]} Kf8 {[%emt 0:00:51]} 22. a4 {[%emt 0:07:27]} Ke8 {[%emt 0:02:15]} 23. Kf2 {[%emt 0:02:10]} Rd7 {[%emt 0:01:18]} 24. Rxd7 {[%emt 0:08:47]} Kxd7 {[%emt 0:00:21]} 25. Kf3 {[%emt 0:00:02]} f5 {[%emt 0:10:42]} 26. exf6 {[%emt 0:03:57]} gxf6 {[%emt 0:02:34]} 27. Bd2 {[%emt 0:03:12]} f5 {[%emt 0:02:18]} 28. g4 {[%emt 0:04:31]} Bf6 {[%emt 0:01:06]} 29. b3 {[%emt 0:01:15]} Bd4 {[%emt 0:02:44]} 30. g5 {[%emt 0:02:02]} Ke7 {[%emt 0:02:39]} 31. h4 {[%emt 0:00:36]} Kf7 {[%emt 0:00:30]} 32. h5 {[%emt 0:00:51]} a5 {[%emt 0:00:39]} 33. Be1 {[%emt 0:00:31]} Kg7 {[%emt 0:04:14]} 34. Bh4 {[%emt 0:01:39]} Bc3 {[%emt 0:01:06]} 35. Ke3 {[%emt 0:04:51]} Kf7 {[%emt 0:02:07]} 36. Kd3 {[%emt 0:00:10]} Bb4 {[%emt 0:00:40]} 37. Bf2 {[%emt 0:00:35]} Kg7 {[%emt 0:00:32]} 38. Be3 {[%emt 0:00:37]} Be1 {[%emt 0:01:30]} 39. Bc1 {[%emt 0:00:11]} Bg3 {[%emt 0:01:23]} 40. Bb2+ {[%emt 0:00:47]} Kf7 {[%emt 0:00:12]} 41. Be5 {[%emt 0:30:36]} Be1 {[%emt 0:30:12]} 42. Bc7 {[%emt 0:01:18]} Bb4 {[%emt 0:00:00]} 43. Bxb6 {[%emt 0:00:00]} Kg7 {[%emt 0:00:00]} 44. Bc7 {[%emt 0:00:00]} Kf7 {[%emt 0:00:00]} 45. Be5 {[%emt 0:00:00]} Be1 {[%emt 0:00:00]} 46. Bb2 {[%emt 0:00:00]} Bb4 {[%emt 0:00:00]} 47. Bc1 {[%emt 0:00:00]} Be1 {[%emt 0:00:00]} 48. Be3 {[%emt 0:00:00]} Bb4 {[%emt 0:00:00]} 49. Kc2 {[%emt 0:00:00]} Kg7 {[%emt 0:00:00]} 50. Bd2 {[%emt 0:00:00]} Bxd2 {[%emt 0:00:00]} 51. Kxd2 {[%emt 0:00:00]} Kf7 {[%emt 0:00:00]} 52. b4 {[%emt 0:00:00]} cxb4 {[%emt 0:00:00]} 53. c5 1-0

[Event "WTCC-50 2018"]
[Site "Radebeul"]
[Date "2018.07.08"]
[Round "2"]
[White "Hutschenreiter, Joerg"]
[Black "Teo, Kok Siong"]
[Result "1-0"]
[WhiteElo "2023"]
[BlackElo "2213"]
[Annotator "NA"]
[PlyCount "67"]
[EventDate "2018.07.07"]
[EventType "team-tourn"]
[EventCountry "GER"]
[SourceTitle "playchess.com"]
[Source "ChessBase"]
[SourceQuality "1"]
[TimeControl "40/5400+30:1800+30"]

1. d4 {[%emt 0:00:00]} Nf6 {[%emt 0:00:00]} 2. c4 {[%emt 0:00:00]} e5 {[%emt 0:03:35]} 3. dxe5 {[%emt 0:00:11]} Ng4 {[%emt 0:00:09]} 4. Nf3 {[%emt 0:00:05]} Nc6 {[%emt 0:00:45]} 5. e3 {[%emt 0:02:28]} Bb4+ {[%emt 0:00:55]} 6. Bd2 {[%emt 0:01:32]} a5 {[%emt 0:16:50]} 7. Nc3 {[%emt 0:04:12]} O-O {[%emt 0:02:50]} 8. a3 {[%emt 0:02:36]} Bc5 {[%emt 0:01:13]} 9. Ne4 {[%emt 0:03:46]} Qe7 {[%emt 0:01:07]} 10. Nxc5 {[%emt 0:05:17]} Qxc5 {[%emt 0:00:19]} 11. Bc3 {[%emt 0:00:10]} Re8 {[%emt 0:04:25]} 12. Qd5 {[%emt 0:06:56]} Qe7 {[%emt 0:32:41]} 13. Be2 {[%emt 0:08:29]} a4 {[%emt 0:18:54]} 14. O-O {[%emt 0:09:42]} Ngxe5 {[%emt 0:00:27]} 15. Nxe5 {[%emt 0:03:05]} Nxe5 {[%emt 0:00:06]} 16. Qd4 {[%emt 0:01:08]} d6 {[%emt 0:01:08]} 17. Rad1 {[%emt 0:01:26]} Be6 {[%emt 0:02:08]} 18. c5 {[%emt 0:02:48]} Bb3 {[%emt 0:00:15]} 19. cxd6 {[%emt 0:00:19]} cxd6 {[%emt 0:02:33]} 20. Rd2 {[%emt 0:00:58]} f6 {[%emt 0:02:45]} 21. Bd1 {[%emt 0:19:56]} Bc4 {[%emt 0:01:37]} 22. Re1 {[%emt 0:00:02]} d5 {[%emt 0:01:42]} 23. Bc2 {[%emt 0:01:40]} Qe6 {[%emt 0:02:15]} 24. Qh4 {[%emt 0:02:50]} f5 {[%emt 0:01:31]} 25. Qf4 {[%emt 0:01:28]} g6 {[%emt 0:00:25]} 26. Qd4 {[%emt 0:00:05]} Kf8 {[%emt 0:01:27]} 27. f4 {[%emt 0:03:37]} Nf7 {[%emt 0:00:03]} 28. Qg7+ {[%emt 0:03:28]} Ke7 {[%emt 0:00:01]} 29. Bb4+ {[%emt 0:00:12]} Kd7 {[%emt 0:00:33]} 30. Qd4 {[%emt 0:03:11]} Kc7 {[%emt 0:00:22]} 31. Bd3 {[%emt 0:01:40]} b5 {[%emt 0:00:12]} 32. Bxc4 {[%emt 0:01:03]} dxc4 {[%emt 0:00:02]} 33. Red1 {[%emt 0:00:55]} Rac8 {[%emt 0:02:38]} 34. Qa7+ {[%emt 0:02:06]} 1-0

[Event "WTCC-50 2018"]
[Site "Radebeul"]
[Date "2018.07.08"]
[Round "2"]
[White "Cordes, Steffen"]
[Black "Ruether, Rudolf"]
[Result "1/2-1/2"]
[WhiteElo "1974"]
[BlackElo "2118"]
[Annotator "NA"]
[PlyCount "55"]
[EventDate "2018.07.07"]
[EventType "team-tourn"]
[EventCountry "GER"]
[SourceTitle "playchess.com"]
[Source "ChessBase"]
[SourceQuality "1"]
[TimeControl "40/5400+30:1800+30"]

1. e4 {[%emt 0:00:00]} e6 {[%emt 0:00:00]} 2. d4 {[%emt 0:00:00]} d5 {[%emt 0:00:02]} 3. Nd2 {[%emt 0:00:00]} Nf6 {[%emt 0:00:47]} 4. e5 {[%emt 0:00:06]} Nfd7 {[%emt 0:00:16]} 5. Bd3 {[%emt 0:00:13]} c5 {[%emt 0:00:32]} 6. c3 {[%emt 0:00:06]} Nc6 {[%emt 0:01:24]} 7. Ngf3 {[%emt 0:00:12]} Be7 {[%emt 0:10:35]} 8. O-O {[%emt 0:00:37]} cxd4 {[%emt 0:11:07]} 9. cxd4 {[%emt 0:00:29]} O-O {[%emt 0:00:09]} 10. Re1 {[%emt 0:02:01]} f6 {[%emt 0:10:25]} 11. exf6 {[%emt 0:00:43]} Nxf6 {[%emt 0:00:07]} 12. Nf1 {[%emt 0:01:17]} Bd6 {[%emt 0:07:38]} 13. Bg5 $11 {[%emt 0:00:50]} ({Lieber} 13. a3 $14) 13... Bd7 {[%emt 0:02:51]} 14. Bh4 {[%emt 0:01:37]} Qc7 {[%emt 0:01:52]} 15. Bg3 {[%emt 0:00:18]} Rae8 {[%emt 0:00:20]} 16. Rc1 {[%emt 0:02:18]} Bxg3 {[%emt 0:06:56]} 17. Nxg3 {[%emt 0:01:45]} Qf4 {[%emt 0:02:41]} 18. Bb1 {[%emt 0:16:55]} e5 {[%emt 0:06:19]} 19. dxe5 {[%emt 0:01:55]} Nxe5 {[%emt 0:00:17]} 20. Nxe5 {[%emt 0:01:17]} Rxe5 {[%emt 0:03:11]} 21. Rxe5 Qxe5 {[%emt 0:00:10]} 22. Qb3 {[%emt 0:16:08]} Bc6 {[%emt 0:04:19]} 23. h3 {[%emt 0:13:49]} g6 {[%emt 0:07:27]} 24. Rd1 {[%emt 0:08:33]} Kg7 {[%emt 0:02:16]} 25. Qc2 {[%emt 0:05:47]} Re8 {[%emt 0:02:32]} 26. Qd2 {[%emt 0:05:09]} Nh5 {[%emt 0:08:34]} 27. Nxh5+ {[%emt 0:02:06]} Qxh5 {[%emt 0:00:08]} 28. Re1 {[%emt 0:04:32]} 1/2-1/2

[Event "WTCC-50 2018"]
[Site "Radebeul"]
[Date "2018.07.08"]
[Round "2"]
[White "Eriksson, Urban"]
[Black "Barron, Michael"]
[Result "0-1"]
[WhiteElo "1875"]
[BlackElo "2123"]
[Annotator "NA"]
[PlyCount "86"]
[EventDate "2018.07.07"]
[EventType "team-tourn"]
[EventCountry "GER"]
[SourceTitle "playchess.com"]
[Source "ChessBase"]
[SourceQuality "1"]
[TimeControl "40/5400+30:1800+30"]

1. Nf3 {[%emt 0:00:00]} f5 {[%emt 0:00:00]} 2. g3 {[%emt 0:00:00]} Nf6 {[%emt 0:00:00]} 3. c4 {[%emt 0:00:05]} d6 {[%emt 0:00:01]} 4. d4 {[%emt 0:00:14]} g6 {[%emt 0:00:05]} 5. Bg2 {[%emt 0:00:06]} Bg7 {[%emt 0:00:03]} 6. Nc3 {[%emt 0:00:34]} O-O {[%emt 0:00:21]} 7. O-O {[%emt 0:00:13]} c6 {[%emt 0:00:41]} 8. d5 {[%emt 0:04:51]} Bd7 {[%emt 0:02:32]} 9. h3 {[%emt 0:07:10] A88: Dutch Defence: Leningrad System: 5 Nf3 0-0 6 0-0 d6 7 Nc3 c6} (9. Nd4 c5 10. Nf3 Na6 11. Re1 Nc7 12. a4 h6 13. e4 fxe4 14. Nxe4 Nxe4 15. Rxe4 Rf7 16. Re1 e6 17. dxe6 Bxe6 {0-1 (31) Xu,J (2504)-Lu,S (2620) China 2017}) 9... Na6 {[%emt 0:00:19]} 10. Be3 {[%emt 0:04:55]} Nc7 $146 {[%emt 0:00:58]} ({Predecessor:} 10... c5 11. Nd2 Nc7 12. a4 Nh5 13. Bf4 Nxf4 14. gxf4 b6 15. e3 a6 16. Qf3 b5 {0-1 (33) Fernandez Alonso,M-Tovillas,D (2345) Mar del Plata 1993}) 11. Qd2 {[%emt 0:03:10]} Qe8 {[%emt 0:01:55]} 12. Rad1 {[%emt 0:00:46]} c5 {[%emt 0:01:19]} 13. Bh6 {[%emt 0:03:52]} b5 {[%emt 0:00:03]} 14. Bxg7 {[%emt 0:01:22]} Kxg7 {[%emt 0:00:02]} 15. cxb5 {[%emt 0:06:17]} Bxb5 {[%emt 0:00:19]} 16. Nxb5 {[%emt 0:08:18]} Qxb5 {[%emt 0:00:03]} 17. Ne1 {[%emt 0:08:24]} a5 {[%emt 0:00:59]} 18. Nd3 {[%emt 0:03:49]} Rab8 {[%emt 0:03:54]} 19. b3 {[%emt 0:06:02]} Ncxd5 {[%emt 0:01:19]} 20. Bxd5 {[%emt 0:00:29]} Nxd5 {[%emt 0:03:46]} 21. Nxc5 $11 {[%emt 0:00:39]} Qxc5 {[%emt 0:00:05]} 22. Qxd5 {[%emt 0:00:12]} Qxd5 {[%emt 0:01:29]} 23. Rxd5 {[%emt 0:00:04]} a4 {[%emt 0:00:10]} 24. Rb1 {[%emt 0:01:31]} Rb4 {[%emt 0:08:45]} 25. a3 {[%emt 0:01:11]} Rxb3 {[%emt 0:00:04]} 26. Rxb3 {[%emt 0:00:09]} axb3 {[%emt 0:00:06]} 27. Rb5 {[%emt 0:00:06]} Rc8 {[%emt 0:00:57]} 28. Rxb3 {[%emt 0:00:16]} Rc2 {[%emt 0:00:05]} 29. Kf1 {[%emt 0:05:41]} Kf6 {[%emt 0:00:12]} 30. a4 {[%emt 0:01:09]} Ra2 {[%emt 0:00:04]} 31. Rb4 {[%emt 0:00:07]} e5 {[%emt 0:08:08]} 32. Rb6 {[%emt 0:05:32]} Ke6 {[%emt 0:00:05]} 33. Rb7 {[%emt 0:00:59]} Rxa4 {[%emt 0:02:28]} 34. Rxh7 {[%emt 0:00:08]} d5 {[%emt 0:00:24]} 35. e3 {[%emt 0:05:49]} d4 {[%emt 0:02:49]} 36. exd4 {[%emt 0:01:12]} exd4 {[%emt 0:00:02]} 37. Rg7 {[%emt 0:00:38]} d3 {[%emt 0:05:07]} 38. Ke1 {[%emt 0:00:52]} Ra2 {[%emt 0:00:04]} 39. Rxg6+ {[%emt 0:01:09]} Kd5 {[%emt 0:02:02]} 40. Rg8 {[%emt 0:14:56]} Re2+ {[%emt 0:01:01]} 41. Kf1 {[%emt 0:32:13]} Kc4 {[%emt 0:33:23]} 42. Rc8+ Kb3 {[%emt 0:00:05]} 43. Rc1 {[%emt 0:01:45]} Re8 {[%emt 0:02:10]} 0-1